[Event "Deutsche Ländermeisterschaft 2012"]
[Site "Hannover GER"]
[Date "2012.09.30"]
[Round "2"]
[White "Bernstengel, Aaron"]
[Black "Diener, Carolin Valeria"]
[Result "1-0"]
[Termination "normal"]
[Board "8.7"]
[WhiteTitle "14"]
[BlackTitle "12w"]
[WhiteElo "1757"]
[BlackElo "1710"]
[WhiteTeam "Hamburg"]
[BlackTeam "Hessen 2"]
[PlyCount "95"]
[WhiteFideId "12940062"]
[BlackFideId "24699063"]
[EventCountry "GER"]
[EventRounds "7"]
[EventType "team-swiss"]
[EventDate "2012.09.28"]

1. d4 d5 2. c4 e6 3. Nc3 Be7 4. cxd5 exd5 5. Nf3 c6 6. Bf4 Nf6 7. Qc2 O-O 8. e3
Bg4 9. Ne5 Be6 10. Bd3 Nbd7 11. O-O h6 12. h3 Nb6 13. a3 a5 14. Ne2 Ne8 15. Bg3
Nd6 16. Nf4 Re8 17. Bh7+ Kh8 18. Neg6+ fxg6 19. Nxe6 Qd7 20. Qxg6 Bf6 21. Nc5
Qe7 22. Bxd6 Qxd6 23. Nxb7 Qe7 24. Nc5 Rab8 25. b3 Nd7 26. Nxd7 Qxd7 27. Rab1
Rb7 28. Qc2 Reb8 29. Rfc1 Rb6 30. b4 axb4 31. Rxb4 Rxb4 32. axb4 Rxb4 33. Bf5
Qb7 34. Qxc6 Qxc6 35. Rxc6 Rb8 36. Rc8+ Rxc8 37. Bxc8 Kg8 38. Be6+ Kf8 39. Bxd5
Ke7 40. Kf1 Kd6 41. Be4 Ke6 42. Ke2 Kd6 43. Kd3 Bh4 44. f4 Bf6 45. Bf3 Bh4 46.
e4 Bg3 47. e5+ Ke6 48. Ke4 1-0

[Event "Deutsche Ländermeisterschaft 2012"]
[Site "Hannover GER"]
[Date "2012.09.30"]
[Round "2"]
[White "Liez, Tatjana"]
[Black "Lemke, Berfin"]
[Result "1-0"]
[Termination "normal"]
[Board "8.8"]
[WhiteTitle "16w"]
[BlackTitle "14w"]
[WhiteElo "1532"]
[BlackElo "1544"]
[WhiteTeam "Hessen 2"]
[BlackTeam "Hamburg"]
[PlyCount "95"]
[WhiteFideId "1271769"]
[BlackFideId "1270578"]
[EventCountry "GER"]
[EventRounds "7"]
[EventType "team-swiss"]
[EventDate "2012.09.28"]

1. e4 c5 2. Nf3 d6 3. d4 cxd4 4. Nxd4 Nf6 5. f3 Nc6 6. Bb5 Qb6 7. c4 Bd7 8. Nc2
a6 9. Be3 Qa5+ 10. Bd2 Qb6 11. Be3 Qa5+ 12. Bd2 Qc7 13. Bxc6 bxc6 14. b3 g6 15.
O-O Bg7 16. Bc3 O-O 17. Bd4 Be6 18. Nc3 Rfd8 19. Na4 Nd7 20. Bxg7 Kxg7 21. Rc1
Nf6 22. Qe2 Qa7+ 23. Kh1 Nd7 24. Rfd1 Nc5 25. Nd4 Bd7 26. Qb2 Kg8 27. Nc3 Rab8
28. Qd2 Kg7 29. Nce2 Qb7 30. Ng3 Ne6 31. h4 h5 32. Nxh5+ Kh7 33. g4 Rg8 34. Ng3
Qc8 35. Kg2 Qf8 36. Rh1 Qh6 37. g5 Qf8 38. h5 Rh8 39. hxg6+ Kxg6 40. f4 Kg7 41.
Ndf5+ Kg8 42. Rxh8+ Kxh8 43. Rh1+ Kg8 44. Nh6+ Kh7 45. e5 d5 46. Qd3+ Kg7 47.
Nhf5+ Kg8 48. Nxe7+ 1-0